000 00255nam a22001217a 4500
020 _a81-7862-534-2001
082 _a001
_bCHA/E
245 _aEXPERIMENT WITH AIR
260 _aNEW DELHI
_bSTERLING PRESS
300 _a40
650 _aGK
_zDELHI
942 _cBK
999 _c6398
_d6398